00518nam a2200169 a 450000100060000000300090000600800410001504000280005608200180008410000540010224500470015625000060020326000420020930000110025165000380026265000480030015789CO-ViMGA141112s2004 ck r 000 u spa d aCO-ViMGAbspacCO-ViMGA04a346.015 C656c1 aColombia : Ministerio de Justicia y del Derecho, 10aLa Conciliación en el derecho de familia a2 aBogotá, cImprenta Nacional, c1998 a150.p.14aDERECHO DE FAMILIA - CONCILIACION14aDERECHO DE FAMILIA - LEGISLACION - COLOMBIA